[Event "Olimpiada Calviá 2004"]
[Site "Calviá ESP"]
[Date "2004.10.27"]
[Round "12.39"]
[White "Contreras, Henry"]
[Black "Mirza, Shahzad"]
[Result "1-0"]
[WhiteElo "2307"]
[BlackElo "2279"]
[PlyCount "67"]
[EventDate "2004.10.15"]
[EventType "team"]
[EventRounds "14"]
[EventCountry "ESP"]
[Source "lmi"]
[SourceDate "2004.10.27"]

1. e4 c5 2. Nf3 Nc6 3. d4 cxd4 4. Nxd4 Nf6 5. Nc3 d6 6. Bg5 e6 7. Qd2 a6 8.
O-O-O Bd7 9. f4 b5 10. Nxc6 Bxc6 11. Qe3 Be7 12. Bxf6 Bxf6 13. e5 Be7 14. exd6
Bxd6 15. Qd4 Bf8 16. Qe5 Qb8 17. Qd4 Qa7 18. Qe5 Qb8 19. Qd4 Qa7 20. Qd3 Be7
21. Be2 b4 22. Nb1 O-O 23. Bf3 Bb5 24. Qe4 Rac8 25. Nd2 Bc6 26. Qe2 Bb5 27. Qe4
Rc7 28. Kb1 Rfc8 29. Rc1 a5 30. h4 a4 31. f5 Qf2 32. fxe6 Qxd2 33. exf7+ Kf8
34. Qxh7 1-0

[Event "Olimpiada Calviá 2004"]
[Site "Calviá ESP"]
[Date "2004.10.27"]
[Round "12.40"]
[White "Weeramantry, Sunil"]
[Black "Poulsen, Martin"]
[Result "0-1"]
[WhiteElo "2231"]
[BlackElo "2292"]
[PlyCount "56"]
[EventDate "2004.10.15"]
[EventType "team"]
[EventRounds "14"]
[EventCountry "ESP"]
[Source "lmi"]
[SourceDate "2004.10.27"]

1. e4 e5 2. Nf3 Qe7 3. Nc3 c6 4. Bc4 d6 5. a4 a5 6. O-O Bg4 7. h3 Bh5 8. Re1
Nf6 9. d4 Bxf3 10. Qxf3 exd4 11. Ne2 Nbd7 12. Nxd4 Ne5 13. Qb3 Nxc4 14. Qxc4 d5
15. Qb3 dxe4 16. Bg5 O-O-O 17. c3 Re8 18. f3 Qe5 19. Bxf6 Qxf6 20. Rxe4 Rxe4
21. fxe4 Bd6 22. Re1 Qf4 23. Nf3 g5 24. e5 Bc5+ 25. Nd4 g4 26. hxg4 Rg8 27. Rf1
Qe3+ 28. Rf2 Bxd4 0-1

[Event "Olimpiada Calviá 2004"]
[Site "Calviá ESP"]
[Date "2004.10.27"]
[Round "12.40"]
[White "Simonsen, Hans Kristian"]
[Black "Dissanayake, P R."]
[Result "1/2-1/2"]
[WhiteElo "2293"]
[BlackElo "2112"]
[PlyCount "41"]
[EventDate "2004.10.15"]
[EventType "team"]
[EventRounds "14"]
[EventCountry "ESP"]
[Source "lmi"]
[SourceDate "2004.10.27"]

1. d4 Nf6 2. c4 c5 3. e3 cxd4 4. exd4 d5 5. Nc3 g6 6. cxd5 Nxd5 7. Bc4 Nb6 8.
Bb3 Bg7 9. Nge2 O-O 10. O-O Nc6 11. d5 Na5 12. Bf4 Nac4 13. Bxc4 Nxc4 14. b3
Nd6 15. Rc1 Bg4 16. Re1 Rc8 17. f3 Bf5 18. Nd4 Qa5 19. Bxd6 exd6 20. Nxf5 Rxc3
21. Nxg7 1/2-1/2

[Event "Olimpiada Calviá 2004"]
[Site "Calviá ESP"]
[Date "2004.10.27"]
[Round "12.40"]
[White "Wijesurija, G  Laxman"]
[Black "Rodgaard, John"]
[Result "0-1"]
[WhiteElo "2124"]
[BlackElo "2310"]
[PlyCount "108"]
[EventDate "2004.10.15"]
[EventType "team"]
[EventRounds "14"]
[EventCountry "ESP"]
[Source "lmi"]
[SourceDate "2004.10.27"]

1. e4 e6 2. d4 d5 3. Nd2 Nf6 4. e5 Nfd7 5. Bd3 c5 6. c3 Nc6 7. Ngf3 f6 8. exf6
Nxf6 9. O-O cxd4 10. cxd4 Bd6 11. Re1 O-O 12. Nf1 Qb6 13. Ng3 Bd7 14. Bg5 Qc7
15. Rc1 Bf4 16. Bxf6 Rxf6 17. Rc3 Raf8 18. Bb1 g6 19. Qd3 Bc8 20. a3 a6 21. Re2
Qf7 22. Ba2 Kh8 23. Nh1 Bd7 24. b4 Bb8 25. Qd2 Rf4 26. Rd3 Ba7 27. Re1 Qg7 28.
Rd1 g5 29. h3 g4 30. hxg4 Qxg4 31. Ng3 e5 32. Bxd5 e4 33. Bxe4 Rxe4 34. Nxe4
Qxe4 35. Qc3 Qd5 36. Qb3 Be6 37. Qxd5 Bxd5 38. Ng5 Rg8 39. Rg3 Bb8 40. Rg4 h5
41. Rh4 Rxg5 42. g3 Kg7 43. Re1 Ba7 44. Rd1 Kg6 45. Rf4 Rf5 46. Rh4 Rf3 47. g4
hxg4 48. Rxg4+ Kf5 49. Rh4 Bxd4 50. Rhxd4 Nxd4 51. Rxd4 Ke5 52. Rh4 Rxa3 53.
Kf1 Bf3 54. Ke1 Rd3 0-1

[Event "Olimpiada Calviá 2004"]
[Site "Calviá ESP"]
[Date "2004.10.27"]
[Round "12.40"]
[White "Nolsoe, Eydun"]
[Black "Edirisinghe, Dulan"]
[Result "0-1"]
[WhiteElo "2227"]
[BlackElo "2175"]
[PlyCount "108"]
[EventDate "2004.10.15"]
[EventType "team"]
[EventRounds "14"]
[EventCountry "ESP"]
[Source "lmi"]
[SourceDate "2004.10.27"]

1. e4 e6 2. d4 d5 3. Nd2 dxe4 4. Nxe4 Nf6 5. Bg5 Nbd7 6. Nf3 Be7 7. Nxf6+ Nxf6
8. Bd3 h6 9. Bxf6 Bxf6 10. O-O O-O 11. Re1 Bd7 12. Ne5 Bxe5 13. Rxe5 Bc6 14.
Qg4 Qf6 15. Rae1 Rad8 16. c4 Rd6 17. b4 a6 18. c5 Rd7 19. Be4 Bxe4 20. Qxe4 c6
21. a4 Rfd8 22. Rd1 Rd5 23. f4 g5 24. g3 gxf4 25. gxf4 Qh4 26. Rxd5 Rxd5 27.
Rd3 Kf8 28. Rg3 Rh5 29. Rg2 Rf5 30. b5 Qxf4 31. Qxf4 Rxf4 32. bxc6 bxc6 33. Rd2
Ke7 34. a5 Kf6 35. Rb2 Rxd4 36. Rb6 Ra4 37. Rxa6 Ke5 38. Rxc6 Rxa5 39. Rc7 f5
40. c6 Kd6 41. Rh7 Kxc6 42. Rxh6 Kd5 43. h4 Ra2 44. h5 Ke5 45. Rh8 Kf4 46. h6
e5 47. h7 Ra7 48. Kf2 e4 49. Ke2 Ra2+ 50. Kf1 Kf3 51. Kg1 Ra1+ 52. Kh2 Ra7 53.
Kg1 f4 54. Kh2 e3 0-1

[Event "Olimpiada Calviá 2004"]
[Site "Calviá ESP"]
[Date "2004.10.27"]
[Round "12.41"]
[White "Ker, Anthony F"]
[Black "Khairallah, Faisal"]
[Result "0-1"]
[WhiteElo "2328"]
[BlackElo "2323"]
[PlyCount "66"]
[EventDate "2004.10.15"]
[EventType "team"]
[EventRounds "14"]
[EventCountry "ESP"]
[Source "lmi"]
[SourceDate "2004.10.27"]

1. e4 c5 2. c3 d6 3. d4 Nf6 4. dxc5 Nc6 5. cxd6 Nxe4 6. dxe7 Qxd1+ 7. Kxd1
Nxf2+ 8. Ke1 Nxh1 9. exf8=Q+ Rxf8 10. Na3 Bf5 11. Nb5 O-O-O 12. Bf4 Rfe8+ 13.
Be2 Re6 14. Kf1 h6 15. Nd4 Nxd4 16. cxd4 Rxd4 17. Rc1+ Kd8 18. Bc7+ Ke7 19. Nf3
Rd5 20. b4 Re4 21. Bb8 g5 22. Re1 Kf6 23. Kg1 g4 24. Kxh1 gxf3 25. gxf3 Rxb4
26. Bxa7 Rb1 27. Rxb1 Bxb1 28. Be3 Bxa2 29. Bxh6 b5 30. Bf8 Bc4 31. Bxc4 bxc4
32. Bb4 Rd3 33. Kg2 c3 0-1

[Event "Olimpiada Calviá 2004"]
[Site "Calviá ESP"]
[Date "2004.10.27"]
[Round "12.41"]
[White "Najjar, Ahmad"]
[Black "Nokes, Roger I"]
[Result "1/2-1/2"]
[WhiteElo "2337"]
[BlackElo "2333"]
[PlyCount "40"]
[EventDate "2004.10.15"]
[EventType "team"]
[EventRounds "14"]
[EventCountry "ESP"]
[Source "lmi"]
[SourceDate "2004.10.27"]

1. Nf3 Nf6 2. c4 c5 3. Nc3 Nc6 4. e3 e6 5. d4 d5 6. cxd5 exd5 7. Be2 cxd4 8.
Nxd4 Bd6 9. Bf3 O-O 10. O-O Be5 11. Qd3 a6 12. Rd1 Be6 13. Nce2 Qd7 14. Bd2
Bxd4 15. Nxd4 Ne5 16. Qf1 Nxf3+ 17. gxf3 Bh3 18. Qd3 Ne4 19. Qe2 Nxd2 20. Qxd2
Rad8 1/2-1/2

[Event "Olimpiada Calviá 2004"]
[Site "Calviá ESP"]
[Date "2004.10.27"]
[Round "12.41"]
[White "Dive, Russell John"]
[Black "Eid, Fadi"]
[Result "1-0"]
[WhiteElo "2334"]
[BlackElo "2357"]
[PlyCount "79"]
[EventDate "2004.10.15"]
[EventType "team"]
[EventRounds "14"]
[EventCountry "ESP"]
[Source "lmi"]
[SourceDate "2004.10.27"]

1. c4 Nc6 2. g3 e5 3. Bg2 g6 4. Nc3 Bg7 5. Rb1 a5 6. a3 Nf6 7. b4 axb4 8. axb4
O-O 9. b5 Ne7 10. Nf3 d6 11. O-O Bf5 12. d3 e4 13. Nh4 exd3 14. Nxf5 Nxf5 15.
exd3 Nd7 16. Ne2 Nc5 17. d4 Ne6 18. Bb2 c6 19. bxc6 bxc6 20. Bxc6 Rb8 21. Be4
Ne7 22. Ba1 Rxb1 23. Qxb1 d5 24. cxd5 Nxd5 25. Qb3 Nf6 26. Bg2 Qd6 27. Rc1 Re8
28. Qc4 Ng5 29. Nf4 h5 30. Nxg6 Ng4 31. Nh4 Qf6 32. Rf1 Nxf2 33. Bc3 Bh6 34.
Rxf2 Nh3+ 35. Bxh3 Be3 36. Nf5 Bxf2+ 37. Kxf2 Qg5 38. d5 Qc1 39. Qd4 Qc2+ 40.
Qd2 1-0

[Event "Olimpiada Calviá 2004"]
[Site "Calviá ESP"]
[Date "2004.10.27"]
[Round "12.41"]
[White "Abdulaziz, Mahmoud"]
[Black "Wang, Puchen"]
[Result "0-1"]
[WhiteElo "2101"]
[BlackElo "2236"]
[PlyCount "86"]
[EventDate "2004.10.15"]
[EventType "team"]
[EventRounds "14"]
[EventCountry "ESP"]
[Source "lmi"]
[SourceDate "2004.10.27"]

1. c4 c5 2. Nc3 Nc6 3. g3 g6 4. Bg2 Bg7 5. Nf3 e6 6. a3 Nge7 7. Rb1 O-O 8. O-O
d5 9. d3 b6 10. Qc2 Bb7 11. b4 Nd4 12. Nxd4 cxd4 13. Na4 Qd7 14. Bg5 f6 15. Bd2
Rac8 16. Rfc1 e5 17. b5 dxc4 18. Bxb7 Qxb7 19. dxc4 f5 20. c5 Nd5 21. Qb3 Kh8
22. cxb6 axb6 23. Rxc8 Rxc8 24. Rc1 Rxc1+ 25. Bxc1 Bf6 26. Bd2 Kg7 27. Nb2 e4
28. Nc4 Nc3 29. e3 Qd5 30. a4 f4 31. gxf4 Ne2+ 32. Kf1 d3 33. Ke1 Qe6 34. f5
Qxf5 35. Bb4 Qg4 36. Kd2 Qg1 37. Qd1 Qxf2 38. Qe1 Qxh2 39. Na3 Nc3+ 40. Kc1
Na2+ 41. Kd1 Qh5+ 42. Kd2 Nxb4 43. Qf2 Qe5 0-1

[Event "Olimpiada Calviá 2004"]
[Site "Calviá ESP"]
[Date "2004.10.27"]
[Round "12.42"]
[White "Berend, Fred"]
[Black "Ovalle, Ramon"]
[Result "1-0"]
[WhiteElo "2378"]
[BlackElo "2184"]
[PlyCount "133"]
[EventDate "2004.10.15"]
[EventType "team"]
[EventRounds "14"]
[EventCountry "ESP"]
[Source "lmi"]
[SourceDate "2004.10.27"]

1. d4 d5 2. Nf3 Nf6 3. c4 c6 4. Nc3 a6 5. e3 b5 6. b3 g6 7. Bb2 Bg7 8. Be2 O-O
9. O-O Bg4 10. Rc1 bxc4 11. bxc4 Nbd7 12. h3 Bxf3 13. Bxf3 Nb6 14. cxd5 cxd5
15. Na4 Rb8 16. Bc3 Nc4 17. Nc5 e6 18. Qa4 Qd6 19. Be2 Nb6 20. Qc2 Nc4 21. Qa4
Nb6 22. Qc2 Nc4 23. Bxc4 dxc4 24. Qa4 Qd5 25. Ba1 Rfc8 26. Rc2 Ne4 27. Nxe4
Qxe4 28. Rfc1 Qc6 29. Qxc6 Rxc6 30. Kf1 Rb4 31. Ke2 Ra4 32. Rb1 Rc8 33. g4 Bf8
34. Bc3 a5 35. Rb5 Bb4 36. Ba1 h6 37. h4 Kf8 38. h5 Rd8 39. hxg6 fxg6 40. Rb7
Kg8 41. Rc7 h5 42. gxh5 gxh5 43. f4 h4 44. Kf3 h3 45. R7xc4 Ra3 46. Rc7 Bd6 47.
Rb7 Rf8 48. Ke4 Rf7 49. Rb5 Rc7 50. Rb8+ Kf7 51. Rxc7+ Bxc7 52. Rb7 Rxa2 53.
Rxc7+ Kg6 54. Rc1 h2 55. Rh1 Rc2 56. Kf3 a4 57. Kg3 Re2 58. Kf3 Rc2 59. d5 exd5
60. Bd4 Kf5 61. Kg3 Ke4 62. Rxh2 Rc8 63. Ra2 Ra8 64. Ra3 Ra6 65. Kf2 Ra8 66.
Ke2 Ra6 67. Kd2 1-0

[Event "Olimpiada Calviá 2004"]
[Site "Calviá ESP"]
[Date "2004.10.27"]
[Round "12.42"]
[White "Montalvo, Alejandro"]
[Black "Bakalarz, Mieczyslaw"]
[Result "0-1"]
[WhiteElo "2240"]
[BlackElo "2389"]
[PlyCount "234"]
[EventDate "2004.10.15"]
[EventType "team"]
[EventRounds "14"]
[EventCountry "ESP"]
[Source "lmi"]
[SourceDate "2004.10.27"]

1. d4 e6 2. c4 Bb4+ 3. Nc3 Nf6 4. e3 b6 5. Nge2 Ba6 6. a3 Be7 7. Nf4 d5 8. Qa4+
c6 9. cxd5 Bxf1 10. Kxf1 exd5 11. g3 O-O 12. Kg2 Bd6 13. Nce2 Qd7 14. Bd2 Qf5
15. h4 Ne4 16. Be1 b5 17. Qd1 Nd7 18. f3 Bxf4 19. Nxf4 Nd6 20. b3 a5 21. a4
Rfb8 22. g4 Qf6 23. Qc2 Nb6 24. axb5 Nxb5 25. Nd3 a4 26. bxa4 Nc4 27. Bf2 Nba3
28. Qd1 Qe7 29. Re1 Nb2 30. Nxb2 Rxb2 31. Re2 Rxe2 32. Qxe2 Rxa4 33. Qa2 Ra7
34. Qb3 Nb5 35. Rxa7 Qxa7 36. Qc2 Qd7 37. Bg3 h6 38. Qc5 f6 39. h5 Na7 40. Bf4
Nb5 41. Kg3 Kf7 42. Qc2 Nd6 43. Qh7 Ke6 44. Qg8+ Qf7 45. Qh8 Qb7 46. Qf8 Qe7
47. Qxe7+ Kxe7 48. Bxd6+ Kxd6 49. Kf4 c5 50. dxc5+ Kxc5 51. Kf5 Kc4 52. Kg6 Kd3
53. Kxg7 Kxe3 54. Kxf6 d4 55. g5 d3 56. g6 d2 57. g7 d1=Q 58. g8=Q Qxf3+ 59.
Ke7 Qxh5 60. Qb3+ Kf2 61. Qc2+ Kg3 62. Qc7+ Kh3 63. Qc3+ Kh4 64. Qe1+ Kg5 65.
Qc1+ Kg6 66. Qc6+ Kh7 67. Qd7 Qe5+ 68. Kd8+ Kg6 69. Qd3+ Qf5 70. Qc4 h5 71.
Qg8+ Kf6 72. Qh8+ Kg5 73. Qg8+ Kf4 74. Qc4+ Kg3 75. Qc3+ Qf3 76. Qe5+ Kg2 77.
Qg7+ Kf2 78. Qb2+ Qe2 79. Qd4+ Ke1 80. Qh4+ Kd1 81. Qa4+ Kd2 82. Qb4+ Ke3 83.
Qc5+ Kf4 84. Qd4+ Qe4 85. Qf2+ Kg5 86. Qg1+ Kh6 87. Qc1+ Kg6 88. Qg1+ Kh7 89.
Qa7+ Kh6 90. Qb6+ Qg6 91. Qf2 Qg5+ 92. Kc8 Kg6 93. Qb6+ Qf6 94. Qg1+ Kh7 95.
Qb1+ Kh8 96. Qd1 h4 97. Qh5+ Kg7 98. Qg4+ Kh6 99. Qe2 Kg6 100. Kb7 h3 101. Qe4+
Kh5 102. Qe2+ Kg6 103. Kb8 Kf7 104. Qh2 Qe6 105. Ka7 Qe3+ 106. Ka6 Kf6 107.
Qb2+ Kf5 108. Qb5+ Kf4 109. Qb8+ Kf3 110. Qb7+ Kf2 111. Qf7+ Ke1 112. Qh7 Qe2+
113. Ka5 Qe5+ 114. Ka6 h2 115. Qb1+ Kf2 116. Qb6+ Ke2 117. Qh6 Qa1+ 0-1

[Event "Olimpiada Calviá 2004"]
[Site "Calviá ESP"]
[Date "2004.10.27"]
[Round "12.42"]
[White "Weber, Jean-Marie"]
[Black "Santa Torres, Juan"]
[Result "1/2-1/2"]
[WhiteElo "2232"]
[BlackElo "2229"]
[PlyCount "74"]
[EventDate "2004.10.15"]
[EventType "team"]
[EventRounds "14"]
[EventCountry "ESP"]
[Source "lmi"]
[SourceDate "2004.10.27"]

1. d4 Nf6 2. c4 c5 3. d5 b5 4. cxb5 a6 5. bxa6 g6 6. Nc3 Bxa6 7. g3 d6 8. Bg2
Bg7 9. Nf3 O-O 10. O-O Nbd7 11. Rb1 Qa5 12. Bd2 Rfb8 13. Re1 Ng4 14. a4 Bc4 15.
h3 Bb3 16. Qc1 Nge5 17. Bg5 Nxf3+ 18. Bxf3 Nf6 19. Ra1 Rb7 20. Bd2 Qb6 21. e4
Nd7 22. Be2 Ne5 23. Nd1 Rxa4 24. Rxa4 Bxa4 25. Bc3 Bb5 26. Kg2 Qa6 27. Qe3 Bxe2
28. Rxe2 Qa4 29. Re1 Qc4 30. Qd2 Qd3 31. Qxd3 Nxd3 32. Re2 Rb3 33. Bxg7 Kxg7
34. Re3 Nc1 35. Rc3 Rxc3 36. bxc3 Nd3 37. Kf3 Ne5+ 1/2-1/2

[Event "Olimpiada Calviá 2004"]
[Site "Calviá ESP"]
[Date "2004.10.27"]
[Round "12.43"]
[White "Juarez Flores, Roberto"]
[Black "Belkhodja, Slim"]
[Result "1/2-1/2"]
[WhiteElo "2207"]
[BlackElo "2478"]
[PlyCount "91"]
[EventDate "2004.10.15"]
[EventType "team"]
[EventRounds "14"]
[EventCountry "ESP"]
[Source "lmi"]
[SourceDate "2004.10.27"]

1. d4 d6 2. c4 e5 3. Nf3 e4 4. Ng5 f5 5. Nc3 Be7 6. Nh3 Nf6 7. Bg5 c6 8. e3 Na6
9. Qb3 Nc7 10. Nf4 Ng4 11. Bxe7 Qxe7 12. Be2 O-O 13. h4 Ne6 14. Nxe6 Bxe6 15.
Qc2 Nf6 16. g3 a6 17. a4 Qf7 18. Nb1 c5 19. d5 Bd7 20. a5 Qe7 21. Nd2 Be8 22.
Qc3 Bh5 23. Bxh5 Nxh5 24. b4 cxb4 25. Qxb4 Nf6 26. Rb1 Rf7 27. Nb3 Ng4 28. O-O
f4 29. exf4 e3 30. f3 e2 31. fxg4 exf1=Q+ 32. Rxf1 Rc8 33. Re1 Rxc4 34. Qxc4
Qxe1+ 35. Kg2 Re7 36. Nd4 Qe4+ 37. Kh2 Re8 38. g5 g6 39. Qa4 Re7 40. Qc4 Kf7
41. Kh3 Kf8 42. Qc8+ Kf7 43. Qh8 Qxd5 44. Qxh7+ Kf8 45. Qh8+ Kf7 46. Qh7+
1/2-1/2

[Event "Olimpiada Calviá 2004"]
[Site "Calviá ESP"]
[Date "2004.10.27"]
[Round "12.43"]
[White "Doghri, Nabil"]
[Black "Reyes Najera, Carlos A"]
[Result "1-0"]
[WhiteElo "2309"]
[BlackElo "2186"]
[PlyCount "65"]
[EventDate "2004.10.15"]
[EventType "team"]
[EventRounds "14"]
[EventCountry "ESP"]
[Source "lmi"]
[SourceDate "2004.10.27"]

1. e4 c5 2. Nf3 d6 3. d4 cxd4 4. Nxd4 Nf6 5. Nc3 g6 6. Be3 Bg7 7. f3 O-O 8. Qd2
Nc6 9. Bc4 Bd7 10. O-O-O Rc8 11. Bb3 Nxd4 12. Bxd4 b5 13. h4 a5 14. a3 b4 15.
axb4 axb4 16. Na2 Qc7 17. Nxb4 Ra8 18. c3 Rfb8 19. Kb1 Qa5 20. h5 e5 21. hxg6
hxg6 22. Be3 Rxb4 23. cxb4 Qa1+ 24. Kc2 Rc8+ 25. Bc5 Qa8 26. Qxd6 Ba4 27. Bxa4
Qxa4+ 28. Kb1 Ra8 29. Qd3 Qa2+ 30. Kc2 Rc8 31. Ra1 Qe6 32. Ra6 Qe8 33. Rd1 1-0

[Event "Olimpiada Calviá 2004"]
[Site "Calviá ESP"]
[Date "2004.10.27"]
[Round "12.43"]
[White "Juarez Flores, Guillermo J"]
[Black "Chikhaoui, Walid"]
[Result "1/2-1/2"]
[WhiteElo "2221"]
[BlackElo "2324"]
[PlyCount "122"]
[EventDate "2004.10.15"]
[EventType "team"]
[EventRounds "14"]
[EventCountry "ESP"]
[Source "lmi"]
[SourceDate "2004.10.27"]

1. e4 c5 2. Nf3 e6 3. d4 cxd4 4. Nxd4 a6 5. Bd3 Bc5 6. Nb3 Ba7 7. c4 Nc6 8. Nc3
Nge7 9. Qe2 O-O 10. Be3 Bxe3 11. Qxe3 d5 12. Qe2 dxc4 13. Bxc4 b5 14. Rd1 Qb6
15. Bd3 Ng6 16. Bb1 Bb7 17. O-O Nce5 18. Kh1 f5 19. f3 f4 20. Qf2 Qxf2 21. Rxf2
Rad8 22. Rxd8 Rxd8 23. Rd2 Rc8 24. Na5 b4 25. Ne2 Bc6 26. Nxc6 Rxc6 27. b3 Kf7
28. Kg1 Ke7 29. Kf2 a5 30. g3 fxg3+ 31. hxg3 h5 32. f4 Ng4+ 33. Kf3 e5 34. Rd1
Rf6 35. Rd5 Rd6 36. Rxd6 Kxd6 37. Bd3 Nf8 38. Bc4 Nd7 39. Bf7 exf4 40. Kxf4
Ngf6 41. Nd4 Ke7 42. Bc4 Nc5 43. e5 Nfe4 44. Nc6+ Kd7 45. Nxa5 g5+ 46. Kf5
Nxg3+ 47. Kxg5 Nge4+ 48. Kxh5 Kc7 49. Bf7 Nc3 50. Kg6 Nxa2 51. e6 Kd6 52. Kf6
Ne4+ 53. Kg6 Nac3 54. Nc4+ Ke7 55. Ne3 Nd6 56. Nf5+ Nxf5 57. Kxf5 Ne2 58. Ke4
Nc1 59. Kd4 Nxb3+ 60. Kc4 Na5+ 61. Kxb4 Nc6+ 1/2-1/2

[Event "Olimpiada Calviá 2004"]
[Site "Calviá ESP"]
[Date "2004.10.27"]
[Round "12.43"]
[White "Amdouni, Zoubeir"]
[Black "Juarez Flores, Gustavo E"]
[Result "1-0"]
[WhiteElo "2104"]
[BlackElo "2190"]
[PlyCount "49"]
[EventDate "2004.10.15"]
[EventType "team"]
[EventRounds "14"]
[EventCountry "ESP"]
[Source "lmi"]
[SourceDate "2004.10.27"]

1. e4 c5 2. Nf3 a6 3. d4 cxd4 4. Nxd4 Nf6 5. Nc3 e5 6. Nf3 Qc7 7. a3 d6 8. Bg5
Nbd7 9. Bd3 b5 10. O-O Bb7 11. Re1 Be7 12. a4 b4 13. Na2 a5 14. c3 bxc3 15.
Nxc3 Bc6 16. Bb5 h6 17. Bxf6 Bxf6 18. Rc1 Rc8 19. Nd5 Qb7 20. Nxf6+ gxf6 21.
Qxd6 Bxb5 22. axb5 Rd8 23. Red1 Qxe4 24. Rc8 Qb7 25. Rxd8+ 1-0

[Event "Olimpiada Calviá 2004"]
[Site "Calviá ESP"]
[Date "2004.10.27"]
[Round "12.44"]
[White "Leong, Mun Wan"]
[Black "Kayle, Charles"]
[Result "1-0"]
[WhiteElo "2205"]
[BlackElo "2036"]
[PlyCount "83"]
[EventDate "2004.10.15"]
[EventType "team"]
[EventRounds "14"]
[EventCountry "ESP"]
[Source "lmi"]
[SourceDate "2004.10.27"]

1. e4 c5 2. Nf3 e6 3. d4 cxd4 4. Nxd4 Nf6 5. Bd3 Nc6 6. Nxc6 dxc6 7. O-O e5 8.
h3 Be6 9. Qf3 Bc5 10. Qg3 Qe7 11. Qxe5 O-O-O 12. Bf4 Bd6 13. Qg5 Bxf4 14. Qxf4
g5 15. Qxg5 Rhg8 16. Qh4 Qd7 17. Kh1 Ng4 18. Nc3 Ne5 19. f4 Nxd3 20. Rad1 Nxb2
21. Rxd7 Bxd7 22. Qe7 Nc4 23. Qc5 Nb6 24. a4 Kb8 25. f5 Bc8 26. Rf2 Ka8 27. Kh2
f6 28. Qe7 Rgf8 29. Qxh7 Nc4 30. Qc7 Ne5 31. Qe7 Rde8 32. Qg7 Rh8 33. Rd2 Reg8
34. Qc7 Rf8 35. Qe7 Rf7 36. Qb4 Rfh7 37. Nd1 Rg8 38. Ne3 Rhh8 39. a5 Rd8 40.
Rxd8 Rxd8 41. Qe7 Rd2 42. Qc7 1-0

[Event "Olimpiada Calviá 2004"]
[Site "Calviá ESP"]
[Date "2004.10.27"]
[Round "12.45"]
[White "Campos, Eugenio"]
[Black "Cruz, Alfredo"]
[Result "1-0"]
[WhiteElo "2265"]
[BlackElo "2179"]
[PlyCount "117"]
[EventDate "2004.10.15"]
[EventType "team"]
[EventRounds "14"]
[EventCountry "ESP"]
[Source "lmi"]
[SourceDate "2004.10.27"]

1. e4 c5 2. Nf3 Nc6 3. Bb5 e6 4. Bxc6 bxc6 5. d3 d5 6. Qe2 Be7 7. O-O a5 8. Ne5
Qc7 9. f4 Nf6 10. Nd2 a4 11. Ndf3 O-O 12. c4 dxc4 13. dxc4 Ba6 14. g4 Nd7 15.
Be3 Nxe5 16. fxe5 Rab8 17. Rf2 Rb4 18. Rc1 Rfb8 19. Rc2 f6 20. Bf4 fxe5 21.
Bxe5 Bd6 22. Bxd6 Qxd6 23. e5 Qe7 24. Qe4 h6 25. g5 hxg5 26. Qg4 Qf7 27. Nxg5
Qg6 28. h4 Bxc4 29. Rxc4 Rxb2 30. h5 Qb1+ 31. Rf1 Qd3 32. h6 Qg6 33. Qxe6+ Qxe6
34. Nxe6 gxh6 35. Rxa4 Re2 36. Rg4+ Kh8 37. Rf8+ Rxf8 38. Nxf8 c4 39. Nd7 h5
40. Rxc4 Rxa2 41. Rxc6 Kg7 42. Nc5 h4 43. Ne6+ Kg6 44. Nd4+ Kg5 45. e6 Ra7 46.
Rc1 Rg7 47. Rf1 Re7 48. Kg2 Re8 49. Kh3 Rc8 50. Rf5+ Kg6 51. Rf4 Rc3+ 52. Kxh4
Re3 53. Rf8 Re4+ 54. Kg3 Kg7 55. Kf3 Re1 56. Rf4 Ra1 57. e7 Rf1+ 58. Ke2 Rxf4
59. e8=Q 1-0

[Event "Olimpiada Calviá 2004"]
[Site "Calviá ESP"]
[Date "2004.10.27"]
[Round "12.45"]
[White "Monroy, Javier"]
[Black "Pascoal, Eduardo A"]
[Result "1-0"]
[WhiteElo "2129"]
[BlackElo "2068"]
[PlyCount "105"]
[EventDate "2004.10.15"]
[EventType "team"]
[EventRounds "14"]
[EventCountry "ESP"]
[Source "lmi"]
[SourceDate "2004.10.27"]

1. e4 e6 2. d4 d5 3. Nd2 Nf6 4. e5 Nfd7 5. f4 c5 6. c3 Qb6 7. Ndf3 Nc6 8. Ne2
a5 9. g3 Be7 10. Bg2 a4 11. O-O g6 12. Kh1 h5 13. h4 Ndb8 14. dxc5 Bxc5 15. Ng5
Ne7 16. c4 dxc4 17. Ne4 Nf5 18. Nf6+ Ke7 19. Qc2 Nc6 20. Qxc4 Ncd4 21. Kh2 Nxe2
22. Qxe2 Rd8 23. Qc2 Bd4 24. Rb1 Bd7 25. b3 a3 26. Rd1 Ne3 27. Bxe3 Bxe3 28.
Rd6 Bc6 29. Rbd1 Qc5 30. Qe2 Rxd6 31. Rxd6 Rd8 32. Bxc6 Rxd6 33. exd6+ Kxf6 34.
Bxb7 Bd4 35. Qa6 Qc2+ 36. Bg2 Bb2 37. Qa5 Qd3 38. Qc7 Kg7 39. d7 Bf6 40. b4 Qd2
41. b5 Qxa2 42. d8=Q Bxd8 43. Qxd8 Qb2 44. b6 a2 45. b7 a1=Q 46. b8=Q Qxb8 47.
Qxb8 f6 48. Qb7+ Kg8 49. Qc8+ Kg7 50. Qd7+ Kh6 51. Qxe6 Qb2 52. f5 gxf5 53.
Qxf5 1-0

[Event "Olimpiada Calviá 2004"]
[Site "Calviá ESP"]
[Date "2004.10.27"]
[Round "12.45"]
[White "Sousa, Armindo"]
[Black "Saavedra, Carlos"]
[Result "1/2-1/2"]
[WhiteElo "2216"]
[BlackElo "2319"]
[PlyCount "83"]
[EventDate "2004.10.15"]
[EventType "team"]
[EventRounds "14"]
[EventCountry "ESP"]
[Source "lmi"]
[SourceDate "2004.10.27"]

1. e4 c5 2. Nf3 e6 3. d4 cxd4 4. Nxd4 Nc6 5. Nb3 Nf6 6. Bd3 d6 7. Nc3 Be7 8.
O-O a6 9. f4 O-O 10. a3 b5 11. Qf3 Bb7 12. Qh3 g6 13. Kh1 b4 14. Ne2 Nd7 15. f5
exf5 16. exf5 Nde5 17. Bh6 Re8 18. fxg6 hxg6 19. Be4 bxa3 20. bxa3 Na5 21. Bxb7
Nxb7 22. Nbd4 Rc8 23. Qg3 Nc5 24. Rad1 Bf6 25. Qf4 Bg7 26. Ng3 Ne6 27. Nxe6
Rxe6 28. Bxg7 Kxg7 29. Ne2 Rc4 30. Nd4 Rf6 31. Qd2 Rxf1+ 32. Rxf1 Qc7 33. h3
Qc5 34. c3 Rxc3 35. Qf4 Qc7 36. Qf6+ Kg8 37. Qg5 Qc4 38. Qd8+ Kg7 39. Qf6+ Kg8
40. Qd8+ Kg7 41. Qf6+ Kg8 42. Qd8+ 1/2-1/2

[Event "Olimpiada Calviá 2004"]
[Site "Calviá ESP"]
[Date "2004.10.27"]
[Round "12.46"]
[White "Guillen Ramirez, Jose Antonio"]
[Black "Matoewi, Roger"]
[Result "1/2-1/2"]
[WhiteElo "2301"]
[BlackElo "2195"]
[PlyCount "86"]
[EventDate "2004.10.15"]
[EventType "team"]
[EventRounds "14"]
[EventCountry "ESP"]
[Source "lmi"]
[SourceDate "2004.10.27"]

1. e4 c5 2. Nf3 Nc6 3. Bb5 g6 4. c3 Qb6 5. Ba4 Bg7 6. O-O Nf6 7. Re1 O-O 8. Bc2
d6 9. d3 Bg4 10. Nbd2 Ne5 11. h3 Nxf3+ 12. Nxf3 Bxf3 13. Qxf3 Nd7 14. Qg3 Ne5
15. f4 Nc6 16. Kh1 a5 17. h4 h5 18. e5 dxe5 19. f5 Nd8 20. Bg5 gxf5 21. Bxe7
Re8 22. Rxe5 f4 23. Bxd8 Rexd8 24. Qxf4 Bxe5 25. Qxe5 Qg6 26. Qxc5 Re8 27. Qf2
Re7 28. Rf1 Rae8 29. Bb3 Kg7 30. d4 f6 31. Bc2 Qh6 32. Qg3+ Kh8 33. Kh2 Rg7 34.
Qf3 Rg4 35. d5 Re3 36. Qxf6+ Qxf6 37. Rxf6 Re2 38. Bf5 Rexg2+ 39. Kh1 Rg1+ 40.
Kh2 R1g2+ 41. Kh1 Rg1+ 42. Kh2 R1g2+ 43. Kh1 Rg1+ 1/2-1/2

[Event "Olimpiada Calviá 2004"]
[Site "Calviá ESP"]
[Date "2004.10.27"]
[Round "12.46"]
[White "Dos Ramos, Ricardo"]
[Black "Medina Colindres, Javier"]
[Result "0-1"]
[WhiteElo "2203"]
[BlackElo "2213"]
[PlyCount "64"]
[EventDate "2004.10.15"]
[EventType "team"]
[EventRounds "14"]
[EventCountry "ESP"]
[Source "lmi"]
[SourceDate "2004.10.27"]

1. Nf3 Nf6 2. g3 Nc6 3. Bg2 e5 4. d3 d6 5. O-O Bg4 6. h3 Be6 7. c3 Be7 8. e4 h6
9. Nbd2 Qd7 10. Kh2 g5 11. Ne1 d5 12. exd5 Bxd5 13. Bxd5 Nxd5 14. Nc4 O-O-O 15.
b4 Nxc3 16. Qb3 Nb5 17. Qa4 a6 18. Bb2 f6 19. a3 Kb8 20. Rc1 h5 21. Qb3 h4 22.
g4 Qd5 23. Qd1 e4 24. Ng2 exd3 25. Nge3 Qe4 26. f3 Qf4+ 27. Kg1 Nbd4 28. Bxd4
Nxd4 29. Qxd3 Nxf3+ 30. Rxf3 Qxf3 31. Qf1 Qg3+ 32. Qg2 Rd3 0-1